000 00612npc a2200205Ia 4500
001 dp5/9-2066 [d000002173]
003 IT-MiCISF
008 161014s9999||||xx | und||
040 _aIT-MiCISF
_cIT-MiCISF
041 _ait
100 _aQuadri Santo
245 0 _aFamiglia e lavoro oggi: crocevia pastorale e sociale. Convegno nazionale, Roma, 18-20 novembre 1994.
_bIntroduzione
250 _a1a ed.
260 _aRoma
_bConferenza episcopale italiana
_c1994
300 _app. 4
500 _a / famiglia, lavoro, pastorale /
650 _alavoro
942 _cDD
957 _71
999 _a2066
_bsi
_g1
_c206404
_d206404